| 000 | 00684nam a22002057a 4500 | ||
|---|---|---|---|
| 005 | 20230313035717.0 | ||
| 008 | 230313b |||||||| |||| 00| 0 eng d | ||
| 020 | _a978-2-4516-2179-2 | ||
| 082 | _aFic. L141 2004 | ||
| 100 |
_aLackberg, Camilla _eauthor |
||
| 245 |
_aThe preacher / _cCamilla Lackberg; translated by Steven T. Murray |
||
| 260 |
_aNew York: _bPocket Star Books, _cc2004 |
||
| 300 | _a486p. | ||
| 541 | _e5339 | ||
| 650 | _aFalck, Erica (Fictitious character) - Fiction | ||
| 650 | _aHeadstrom, Patrick (Fictitious character) - Fiction | ||
| 650 | _aPolice - Sweden - Fiction | ||
| 650 | _aDetective and mystery stories | ||
| 700 |
_aMurray, Steven T. _etranslator |
||
| 999 |
_c1736 _d1736 |
||